Hướng dẫn sử dụng internet qua hình ảnh
Với những hình ảnh sinh động, sách giúp cho đọc giả có được điều kiến thức trong việc sử dụng Internet như: Sử dụng trình duyệt IE (Internet Explorer), công cụ hỗ trợ trình duyệt, những thắc mắc về Internet hay cách đưa một trang web lên Intern...
שמור ב:
| פורמט: | ספר |
|---|---|
| שפה: | Undetermined |
| יצא לאור: |
Hà Nội
Văn hóa Thông tin
2007
|
| נושאים: | |
| תגים: |
הוספת תג
אין תגיות, היה/י הראשונ/ה לתייג את הרשומה!
|
| Thư viện lưu trữ: | Trung tâm Học liệu Trường Đại học Cần Thơ |
|---|
| LEADER | 00981nam a2200193Ia 4500 | ||
|---|---|---|---|
| 001 | CTU_124203 | ||
| 008 | 210402s9999 xx 000 0 und d | ||
| 020 | |c 37000 | ||
| 082 | |a 004.6 | ||
| 082 | |b H561 | ||
| 245 | 0 | |a Hướng dẫn sử dụng internet qua hình ảnh | |
| 245 | 0 | |c Công Tuân PC, Công Bình (Sưu tầm, biên soạn) | |
| 260 | |a Hà Nội | ||
| 260 | |b Văn hóa Thông tin | ||
| 260 | |c 2007 | ||
| 520 | |a Với những hình ảnh sinh động, sách giúp cho đọc giả có được điều kiến thức trong việc sử dụng Internet như: Sử dụng trình duyệt IE (Internet Explorer), công cụ hỗ trợ trình duyệt, những thắc mắc về Internet hay cách đưa một trang web lên Internet,... | ||
| 650 | |a Internet ( Computer programs ),Communication network analysis | ||
| 904 | |i M.Loan | ||
| 980 | |a Trung tâm Học liệu Trường Đại học Cần Thơ | ||